Estudos Crt̕icos de Direito Penal e Processo Penal Volume 1

Detalles Bibliográficos
Autor principal: Mikio Suzuki, Claudio
Formato: eBook
Lenguaje:portugués
Publicado: San Pablo: Editora NELPA, 2014
Materias:
Acceso en línea:Acceso restringido

MARC

LEADER 00000nam a22000007a 4500
005 20150409002320.0
007 cr|||| ||||
008 150409s2014 br |||||s|||| 00||0 por d
020 |a 978-85-8020-387-5 
035 |a 12667 
040 |a vLex 
090 |c 5405  |d 5405 
100 1 |a Mikio Suzuki, Claudio 
245 1 0 |a Estudos Crt̕icos de Direito Penal e Processo Penal  |h [Recurso electrn̤ico] /  |c Claudio Mikio Suzuki  |n Volume 1 
256 |a Servicio en ln̕ea 
260 |a San Pablo:  |b Editora NELPA,  |c 2014 
300 |a 1 recurso electrn̤ico 
500 |a “O presente livro brinda o estudioso do Direito com assuntos novos e instigantes, e, mesmo que o leitor sinta que esse ensaio cientf̕ico nô possui o frescor da novidade, emergir,̀ de sua intelecȯ̂, a precisô tčnica dos autores em perscrutar outros ńgulos da aplicaȯ̂ normativa penal e processual penal. O livro comeȧ com o artigo do coordenador da obra, Claudio Mikio Suzuki, que trata de tema mais afeto ̉criminologia, quanto ̉expansô da norma penal em casos de grande comoȯ̂ popular. Diz, o autor, com invejv̀el liberdade intelectual, que “na dicotomia entre o direito penal cls̀sico, e o direito penal do risco, observamos que enquanto no primeiro as condutas nô eram criminalizadas pelo fato de serem “socialmente recriminadas”, mas sim com o intuito de garantir a seguranȧ dos bens jurd̕icos, no segundo, as condutas sô coibidas justamente pelo fato de serem contra o ordenamento previsto pela sociedade, ou seja, h ̀criminalizaȯ̂ do que ̌socialmente inadequado e/ou desvalorado. Pune-se, por conseguinte, a possibilidade de condutas de periculosidade, mesmo sendo totalmente inofensivas ao bem jurd̕ico”. O resultado hermenůtico a que chega o autor ̌bastante interessante e envolvente, podendo ser comparado ̉perspectiva da distorȯ̂ do imperativo categr̤ico de Kant, principalmente com relaȯ̂ ao alcance do valor justiȧ, quando a resoluȯ̂ de um caso concreto ̌influenciada pelos meios midit̀icos”. 
506 1 |a Disponible solo en los productos indicados  |d vLex Global  |d vLex Global (Academic Edition, excluding Law Schools)  |d vLex Global (U.S. Academic Edition, Law Schools)  |d vLex Global (U.S. Academic Edition, excluding Law Schools)  |d vLex Global (Academic Edition, Law Schools) 
650 0 4 |a Derecho Penal  |z Brasil 
650 0 4 |a Derecho Procesal  |z Brasil 
740 0 |a vLex Libros (Servicio en ln̕ea) 
856 4 0 |u http://vlex.com/source/estudos-criticos-de-direito-penal-e-processo-penal-volume-1-12667  |z Acceso restringido 
942 |c BOOK 
999 0 |a Criminal Law 
999 0 |a Litigation